Зия Нуриев (Запись № 10000561)

Подробности
000 -МАРКЕР
контрольное поле 01245nam0a2200289 i 4500
001 - ИДЕНТИФИКАТОР ЗАПИСИ
контрольное поле RU\NLR\BIBL_A\010765914
005 - ИДЕНТИФИКАТОР ВЕРСИИ
контрольное поле 20260405174632.0
010 ## - МЕЖДУНАРОДНЫЙ СТАНДАРТНЫЙ НОМЕР КНИГИ (ISBN)
Номер (ISBN) 9785295061578
Тираж 1000
021 ## - НОМЕР ГОСУДАРСТВЕННОЙ РЕГИСТРАЦИИ
Код страны российская федерация
Номер 2015-28162
Номер Листа государственной регистраци 1662
035 ## - ДРУГИЕ СИСТЕМНЫЕ НОМЕРА
Идентификатор записи (NILC)RuMoRGB-007910580
035 ## - ДРУГИЕ СИСТЕМНЫЕ НОМЕРА
Идентификатор записи (NLR Aleph) 010765914
100 ## - ДАННЫЕ ОБЩЕЙ ОБРАБОТКИ
Данные общей обработки 20150525d2015 u y0rusy50 ca
101 0# - ЯЗЫК РЕСУРСА
Язык текста, звукозаписи и т.д. русский
102 ## - СТРАНА ПУБЛИКАЦИИ ИЛИ ПРОИЗВОДСТВА
Страна публикации российская федерация
105 ## - ПОЛЕ КОДИРОВАННЫХ ДАННЫХ: ТЕКСТОВЫЕ МАТЕРИАЛЫ, МОНОГРАФИЧЕСКИЕ
Кодированные данные о монографическом текстовом документе ac||z|||000yb
200 1# - ЗАГЛАВИЕ И СВЕДЕНИЯ ОБ ОТВЕТСТВЕННОСТИ
Основное заглавие Зия Нуриев
Сведения, относящиеся к заглавию [посвящается 100-летию со дня рождения
-- сборник
Первые сведения об ответственности сост., вступ. ст.: д.ист.н., проф., засл. деят. науки Респ. Башкортостан Ямалов М.Б.]
210 ## - ПУБЛИКАЦИЯ, РАСПРОСТРАНЕНИЕ И ДР.
Место издания, распространения и т.д. Уфа
Имя издателя, распространителя и т. д. Китап
Дата издания, распространения и т.д. 2015
215 ## - ФИЗИЧЕСКАЯ ХАРАКТЕРИСТИКА
Специфическое обозначение материала и объем 397, [2] с., [32] л. ил., портр., цв. портр.
Другие сведения о физической характеристике портр.
Размеры 25
600 #1 - ИМЯ ЛИЦА КАК ПРЕДМЕТ
Начальный элемент ввода Нуриев
Часть имени, кроме начального элемента ввода З. Н.
Даты 1915 - 2012
Расширение инициалов личного имени Зия Нуриевич
Системный номер авторитетной/нормативной записи 2241493
Идентификатор авторитетной/нормативной записи RU\NLR\AUTH\6601576315
686 ## - ИНДЕКСЫ ДРУГИХ КЛАССИФИКАЦИЙ
Индекс Т3(2)7-8
702 #1 - ИМЯ ЛИЦА - ВТОРИЧНАЯ ОТВЕТСТВЕННОСТЬ
Код отношения Составитель
Материалы, к которым относится поле rus
Графика поля Кириллица
Начальный элемент ввода Ямалов
Часть имени, кроме начального элемента ввода М. Б.
Даты 1947-
Расширение инициалов личного имени Марат Барыевич
Идентификатор авторитетной/нормативной записи RU\NLR\AUTH\7775832
Системный номер авторитетной/нормативной записи 58760
702 #1 - ИМЯ ЛИЦА - ВТОРИЧНАЯ ОТВЕТСТВЕННОСТЬ
Начальный элемент ввода Нуриев
Часть имени, кроме начального элемента ввода З. Н.
Даты 1915-
Расширение инициалов личного имени Зия Нуриевич
Код отношения Прочие
801 #0 - ИСТОЧНИК ЗАПИСИ
Страна российская федерация
Организация РГБ
Дата составления 20150413
Правила каталогизации RCR
942 ## - ДОПОЛНИТЕЛЬНЫЕ ЭЛЕМЕНТЫ ЗАПИСИ (АБИС)
Тип экземпляра АБИС Книга
980 ## - КОЛЛЕКЦИЯ
Название коллекции НБР

Нет доступных экземпляров.